| 000 | 00507nam a2200181Ia 4500 | ||
|---|---|---|---|
| 999 |
_c3575 _d3575 |
||
| 003 | GBCCL | ||
| 005 | 20241126110458.0 | ||
| 008 | 171129b xxu||||| |||| 00| 0 eng d | ||
| 040 | _cgbc | ||
| 082 |
_a230.0464 _bWAD |
||
| 100 |
_aWaddy, John _97129 |
||
| 245 |
_aChristianity versus Liberalism: _band other essays / _cJohn Waddey |
||
| 260 |
_bJ. C. Choate Publications, _aMississippi; |
||
| 300 |
_a296p.; _c18 cm. |
||
| 650 |
_aLiberalism _97130 |
||
| 650 |
_aChristian doctrine _96855 |
||
| 942 |
_2ddc _cBK _01 |
||